000
00290nam a22001217a 4500
008
230619b xxu||||| |||| 00| 0 eng d
082
_a
220
_b
BS
100
_c
Robert Conquest
245
_a
Religion in the USSR
260
_a
London
_b
The Bodley Head
_c
1968
300
_a
135p
942
_2
ddc
_c
BK
999
_c
1317
_d
1317